000 00360nam a2200169Ia 4500
008 210210b xxu||||| |||| 00| 0 eng d
041 _aeng
082 _a444/548
100 _aSPENCER
245 _aContes en prose
260 _aLondon
_bEdward Arnold & Co
_c
650 _aprose
650 _aen
650 _aContes
690 _aFrench
906 _a006742
999 _c129734
_d129734